Motores marinos

Saved in:
Bibliografiske detaljer
Hovedforfatter: Figueras, Manuel (Author)
Format: Bog
Sprog:spansk
Udgivet: Barcelona Noray 1980
Serier:Colección Biblioteca de A Bordo
Fag:
Tags: Tilføj Tag
Ingen Tags, Vær først til at tagge denne postø!

MARC

LEADER 00000nam a2200000 a 4500
001 UCN8865
003 CL-VaPUC
008 011123e19800700SP |||||||||||||||||spa|d
082 0 4 |a 623.8726  |b FIG  |2 21 
100 0 |a Figueras, Manuel  |e author  |9 465426 
245 1 0 |a Motores marinos 
300 |a 78 p 
942 |c BK 
945 |d 20011123 00:00:00  |a vberengu 
260 |a Barcelona  |b Noray  |c 1980 
650 0 |a Motores   |9 334293 
650 7 |a PARTES DEL AUTOMOVIL  |2 CL-VaPUC  |9 465427 
583 |a last modification  |c 20011123 00:00:00  |k Rodrigo Vera 
490 0 |a Colección Biblioteca de A Bordo 
999 |c 298604  |d 298602